000 00617nam a22001697a 4500
999 _c508710
_d508710
005 20190409105838.0
008 180809b ||||| |||| 00| 0 eng d
040 _c
082 _aA45:U61 1987/2
100 _aIndia. Ministry of Industry
_9224
245 _aPublic enterprises survey: annual report on the working of industrial and commercial undertakings of the Central Government, 1987-88
_bby Ministry of Industry
260 _aNew Delhi
_bMinistry of Programme Implementation
_c1988
300 _a285p.
440 _v2
_94179
500 _aLibrary has 1975-76, 1987-88, 1988-89 and 1989-90
942 _2ddc
_cGG